Statistics for US Presidents Fractured

Click here to take the quiz!

General Stats

  • This quiz has been taken 880 times
  • The average score is 8 of 10

Answer Stats

Fractured PresidentReal President% Correct
Bar auk coal bomb uhBarack Obama
99%
Tea hoed arose uh beltTheodore Roosevelt
90%
Chore jib hushGeorge Bush
88%
Jim meek art herJimmy Carter
87%
Chair hold forwardGerald Ford
85%
Jaw nad himsJohn Adams
84%
Hair reed room henHarry S Truman
83%
Lend hodge on sinLyndon Johnson
79%
Sack hurried ale herZachary Taylor
78%
Rut her forte isRutherford Hayes
66%

Score Distribution

Percentile by Number Answered

Percent of People with Each Score

Your Score History

You have not taken this quiz